Catálogo
 En Linea

Descubre el tesoro / (Registro nro. 45008)

Detalles MARC
000 -CABECERA
campo de control de longitud fija 00627nam a2200181 a 4500
001 - NÚMERO DE CONTROL
campo de control 000045519
005 - FECHA Y HORA DE LA ÚLTIMA TRANSACCIÓN
campo de control 20210420113210.0
008 - DATOS DE LONGITUD FIJA--INFORMACIÓN GENERAL
campo de control de longitud fija 150413s2011 dr a 000 0 spa d
040 ## - FUENTE DE LA CATALOGACIÓN
Centro catalogador/agencia de origen DO-SdBNP
Lengua de catalogación spa
Centro/agencia transcriptor BNPHU
082 ## - NÚMERO DE LA CLASIFICACIÓN DECIMAL DEWEY
Número de clasificación xxxx
Número de documento/Ítem xxxx
100 1# - ENTRADA PRINCIPAL--NOMBRE DE PERSONA
Nombre de persona Disla, Paula
9 (RLIN) 57511
245 10 - MENCIÓN DE TÍTULO
Título Descubre el tesoro /
Mención de responsabilidad, etc. Paula Disla, Alba Rodríguez ; revisión Vianco Martínez ; ilustraciones Marolyn Medina.
260 ## - PUBLICACIÓN, DISTRIBUCIÓN, ETC.
Lugar de publicación, distribución, etc. Santo Domingo :
Nombre del editor, distribuidor, etc. UNICEF,
Fecha de publicación, distribución, etc. 2011.
300 ## - DESCRIPCIÓN FÍSICA
Extensión 30 p. :
Otras características físicas il. ;
Dimensiones 23 cm.
700 12 - PUNTO DE ACCESO ADICIONAL--NOMBRE DE PERSONA
Nombre de persona Rodríguez, Alba
9 (RLIN) 73575
700 12 - PUNTO DE ACCESO ADICIONAL--NOMBRE DE PERSONA
Nombre de persona Medina, Marolyn,
Término indicativo de función/relación il.
9 (RLIN) 73576
710 #2 - PUNTO DE ACCESO ADICIONAL--NOMBRE DE ENTIDAD CORPORATIVA
Nombre de entidad corporativa o nombre de jurisdicción como elemento de entrada Fondo de las Naciones Unidas para la Infancia
9 (RLIN) 9270
Existencias
Estado de retiro Estado de pérdida No para préstamo Código de colección Localización permanente Ubicación/localización actual Ubicación en estantería Fecha de adquisición Número de inventario Total de préstamos Signatura topográfica completa Código de barras Fecha visto por última vez Precio válido a partir de Tipo de ítem Koha
    Excluido de préstamo Patrimonio Dominicano Patrimonio Dominicano Patrimonio Dominicano Depósito 13.04.2015 LF1   xxxx xxxx 45519-10 25.06.2020 25.06.2020 Libro y Folleto Colección Patrimonio Dominicano

Con tecnología Koha